Responses for Show #2159 - Thursday, January 13, 1994

Contestants

[<< previous game]

Tim Grome, a medical student originally from Cold Spring, Kentucky

Judy Weightman, a puzzle editor from Philadelphia, Pennsylvania

Dennis O'Brien, a computer programmer from East Meadow, New York (whose 1-day cash winnings total $16,201)

[next game >>]

Jeopardy! Round responses

GENERAL SCIENCE
MOVIE NUNS
INCREDIBLE EDIBLES
MYTHOLOGY
FIRST NAMES
MILITARY SLANG
    $100 6
light

Dennis
    $100 16
The Sound of Music

Dennis
    $100 24
a camel

Judy
    $100 4
Midas

Judy
    $100 14
Fidel

Judy
    $100 1
coffee

Dennis
    $200 10
180th

Dennis
    $200 18
Debbie Reynolds

Judy
    $200 25
porcupine

Tim
    $200 5
the Amazons

Tim
    $200 15
Orson

Judy
    $200 2
medals

Dennis
    $300 12
(Judy: What is krill?)

plankton

DennisJudy
    $700 19
(Alex: "My God". Whoopi Goldberg.)

Sister Act

Judy
    $300 28
California

Judy
    $300 9
love

Tim
    $300 17
Lara

Judy
    $300 3
paratroopers

Judy
    $400 26
nuclear fission

Tim
    $400 20
Hitchcock

Dennis
    $400 29
(Judy: What is a pig?)
(Alex: A pig or a [*], will we accept that?)
[Dennis rings in.]
(Alex: Sorry, it's a [*]; I gave the correct response.)

a boar

Judy
Triple Stumper
    $400 11
Daedalus

Tim
    $400 22
Lady Godiva

Judy
    $400 7
aircraft carriers

Dennis
    $500 27
Ceres

Tim
    $500 21
(Tim: Who is Marion Ross?)

Audrey Hepburn

DennisTim
    $500 30
an alligator

Judy
    $500 13
Hercules

Judy
    $500 23
Ivan

Judy
    $500 8
shoes

Triple Stumper

Scores at the first commercial break (after clue 15):

Dennis Judy Tim
$1,300 $900 $900

Scores at the end of the Jeopardy! Round:

Dennis Judy Tim
$2,300 $3,500 $1,500

Double Jeopardy! Round responses

FRENCH HISTORY
OPERA
WEIGHTS & MEASURES
PLACE NAME ORIGINS
RELIGION
GROVER CLEVELAND
    $200 3
Louis XIV

Judy
    $200 20
Figaro

Tim
    $200 23
an amp (ampere)

Judy
    $200 8
Mexico

Judy
    $200 2
earth & heaven

Tim
    $200 1
vice presidents

Judy
    $400 10
champagne

Dennis
    $400 22
Madame Butterfly

Dennis
    $400 24
(Judy: What is a sphere?)

a cubic yard

DennisJudy
    $400 9
Sussex

Dennis
    $400 4
snakes

Judy
    $400 15
Buffalo

Dennis
    $600 11
Mary Queen of Scots

Dennis
    $600 28
(Judy: Uh, what's, uh, La Boheme?)

La Traviata

DennisJudy
    $600 25
a long ton

Dennis
    $600 12
South Africa

Dennis
    $600 5
the Koran

Judy
    $600 16
Pullman porters

Dennis
    $800 19
St. Bartholomew's Massacre

Tim
    $800 29
Fidelio

Judy
    $800 26
(Dennis: What is a rod?)

a chain

DennisJudy
    $800 13
Valparaiso

Dennis
    $800 6
the sacred heart

Judy
    $800 17
(Dennis: And I can't remember.)
(Alex: Want to take a guess?)
(Dennis: No.)

Benjamin Harrison

Dennis
    $1,600 21
(Tim: What is Louis?)
[Tim visibly reacts to missing the clue.]
(Alex: Don't be too hard on yourself; there is still time. We have almost two full categories.)

the dauphin

Tim
    $1000 30
Hansel and Gretel

Judy
    $1000 27
a hectare

Tim
    $1000 14
Luxembourg

Tim
    $1000 7
(Judy: What are the robes of the monks?)

their hats

Judy
Triple Stumper
    $1000 18
Liliuokalani

Triple Stumper

Scores at the end of the Double Jeopardy! Round:

Dennis Judy Tim
$6,500 $6,700 $3,100

[wagering suggestions for these scores]

Final Jeopardy! Round responses

SHAKESPEARE'S PLAYS
TimWhat is Richard II
$2,898
DennisWhat is Richard III?
$6,499
JudyWhat is "Richard III"?
$6,600
Richard III

Final scores:

Dennis Judy Tim
$12,999 $13,300 $202
2nd place: trip to England & stay at Conrad London + computerized version of Jeopardy! or the home game New champion: $13,300 3rd place: Panasonic global positioning system + computerized version of Jeopardy! or the home game

Game dynamics:

Coryat scores:

Dennis Judy Tim
$7,300 $6,300 $4,700
20 R,
2 W
(including 1 DD)
23 R
(including 1 DD),
5 W
11 R,
2 W
(including 1 DD)

Combined Coryat: $18,300

[game clues] [game scores] [suggest correction]

Game tape date: 1993-09-27
The J! Archive is created by fans, for fans. Scraping, republication, monetization, and malicious use prohibited; this site may use cookies and collect identifying information. See terms. The Jeopardy! game show and all elements thereof, including but not limited to copyright and trademark thereto, are the property of Jeopardy Productions, Inc. and are protected under law. This website is not affiliated with, sponsored by, or operated by Jeopardy Productions, Inc. Join the discussion at JBoard.tv.